[Event "KIrov Shakhova Memorial 12th"]
[Site "Kirov"]
[Date "2019.10.06"]
[Round "4"]
[White "Lebedev, Ivan3333"]
[Black "Ikonnikov, Nikolaj"]
[Result "1-0"]
[WhiteElo "1247"]
[BlackElo "1558"]
[PlyCount "101"]
[EventDate "2019.10.05"]
[EventType "tourn"]
[EventRounds "11"]
[EventCountry "RUS"]
[SourceTitle "CBM 193 Extra"]
[Source "ChessBase"]
[SourceDate "2020.01.31"]
[SourceVersion "1"]
[SourceVersionDate "2020.01.31"]
[SourceQuality "1"]

1. d4 d5 2. c4 c6 3. Nf3 Nf6 4. Nc3 e6 5. Bg5 Be7 6. e3 Nbd7 7. a3 0-0 8. c5 h6 9. Bh4 b6 10. b4 a5 11. Bd3 Ba6 12. 0-0 Ng4 13. Bxe7 Qxe7 14. h3 Ngf6 15. Re1 Bxd3 16. Qxd3 axb4 17. axb4 bxc5 18. bxc5 e5 19. Qc2 e4 20. Nd2 Nh5 21. Ra2 f5 22. Rea1 Rxa2 23. Qxa2 Kh7 24. Qa7 f4 25. Nxd5 Qe6 26. Nc3 f3 27. Ncxe4 fxg2 28. Kh2 Ndf6 29. Qa2 g1Q+ 30. Kxg1 Qxh3 31. Qb1 Qg4+ 32. Ng3+ g6 33. Qb7+ Kg8 34. Ndf1 Nxg3 35. Nxg3 Ne4 36. Ra8 Nxg3 37. Rxf8+ Kxf8 38. Qb8+ Kg7 39. Qxg3 Qd1+ 40. Kg2 Qa4 41. Qc7+ Kh8 42. Qd8+ Kg7 43. Qe7+ Kg8 44. Qf6 Qd1 45. Qxg6+ Kh8 46. Qxh6+ Kg8 47. Qg5+ Kf7 48. Qf5+ Ke7 49. d5 cxd5 50. c6 Qa1 51. Qd7+ 1-0

[Event "KIrov Shakhova Memorial 12th"]
[Site "Kirov"]
[Date "2019.10.05"]
[Round "2"]
[White "Shuljya, Alexander"]
[Black "Ikonnikov, Nikolaj"]
[Result "0-1"]
[WhiteElo "1680"]
[BlackElo "1558"]
[PlyCount "92"]
[EventDate "2019.10.05"]
[EventType "tourn"]
[EventRounds "11"]
[EventCountry "RUS"]
[SourceTitle "CBM 193 Extra"]
[Source "ChessBase"]
[SourceDate "2020.01.31"]
[SourceVersion "1"]
[SourceVersionDate "2020.01.31"]
[SourceQuality "1"]

1. d4 d5 2. Nf3 Nf6 3. e3 e6 4. Nbd2 b6 5. Bd3 Bb7 6. 0-0 Be7 7. Re1 0-0 8. e4 dxe4 9. Nxe4 Nbd7 10. c3 c5 11. Bf4 cxd4 12. cxd4 Nxe4 13. Bxe4 Bxe4 14. Rxe4 Nf6 15. Re2 Rc8 16. Rc1 Qd5 17. a3 Qb5 18. Rec2 Rxc2 19. Qxc2 Nd5 20. Be5 Bf6 21. h4 Bxe5 22. dxe5 h6 23. Nd4 Qa6 24. Qc4 Qa5 25. Nb5 a6 26. Nd6 Qd2 27. Rb1 b5 28. Qe4 Rb8 29. Qf3 Rf8 30. g3 b4 31. axb4 Qxb4 32. Qe2 a5 33. Ra1 Rb8 34. Qf3 f6 35. b3 f5 36. Qh5 Rf8 37. Qd1 f4 38. Ra4 Qc3 39. Rc4 Qxe5 40. Ne4 fxg3 41. Nxg3 Ne3 42. f4 Qb2 43. Qe2 Qxe2 44. Nxe2 Nxc4 45. bxc4 Rc8 46. Kf2 Rxc4 0-1